000 00533nam a2200181Ia 4500
008 090124s9999 xx 000 0 und d
082 _b26540
_a1891
100 _aनाईक जि. आ.
245 _a जागतिक घडामोडी 1990
250 _a1
260 _c1991
300 _a212
600 _aनाईक जि. आ.
630 _a जागतिक घडामोडी 1990
700 _aनाईक जि. आ.
730 _a जागतिक घडामोडी 1990
942 _cBOOK
999 _c140013
_d140013